000
00341nam a2200145Ia 4500
008
191201s2005 xx 000 0 und d
082
_a
530
_b
MUE
100
_a
MUKHERJI, Uma
245
0
_a
Engineering Physics
250
_a
Rep
260
_a
N.Delhi
_b
Narosa Publication House
_c
2005
300
_a
373
650
_a
Applied
942
_2
ddc
_c
BK
999
_c
1260
_d
1260